[Event "SVK-chT3A2 0809"]
[Site "Slovakia"]
[Date "2009.01.11"]
[Round "5.4"]
[White "Gono, Pavol"]
[Black "Vagovsky, Jozef"]
[Result "1/2-1/2"]
[WhiteElo "1988"]
[BlackElo "1986"]
[PlyCount "24"]
[EventDate "2008.10.19"]
[EventType "team-tourn"]
[EventRounds "11"]
[EventCountry "SVK"]
[SourceTitle "EXT 2010"]
[Source "ChessBase"]
[SourceDate "2010.11.25"]
[SourceVersion "1"]
[SourceVersionDate "2010.11.25"]
[SourceQuality "1"]
[WhiteTeam "Piestany Kupele II"]
[BlackTeam "Cifer"]
[WhiteTeamCountry "SVK"]
[BlackTeamCountry "SVK"]

1. e4 e6 2. d4 d5 3. Nd2 c5 4. exd5 exd5 5. dxc5 Bxc5 6. Nb3 Bd6 7. Nf3 Ne7 8. Nbd4 Nbc6 9. Be2 0-0 10. 0-0 a6 11. c3 Qc7 12. b4 Bd7 1/2-1/2

[Event "SVK-chT3A2 0607"]
[Site "Slovakia"]
[Date "2007.02.11"]
[Round "8"]
[White "Vagovsky, Jozef"]
[Black "Sefcik, Marek"]
[Result "1/2-1/2"]
[WhiteElo "2034"]
[BlackElo "1974"]
[PlyCount "104"]
[EventDate "2006.10.08"]
[EventType "team-tourn"]
[EventRounds "11"]
[EventCountry "SVK"]
[SourceTitle "EXT 2008"]
[Source "ChessBase"]
[SourceDate "2007.11.25"]
[SourceVersion "1"]
[SourceVersionDate "2007.11.25"]
[SourceQuality "1"]
[WhiteTeam "Cifer"]
[BlackTeam "Holic"]
[WhiteTeamCountry "SVK"]
[BlackTeamCountry "SVK"]

1. d4 Nc6 2. Nf3 d6 3. c4 e5 4. d5 Nce7 5. Nc3 Ng6 6. e4 Be7 7. Bd3 Nf6 8. 0-0 a5 9. Ne2 Bg4 10. Ng3 Nh4 11. Qa4+ Nd7 12. Nxh4 Bxh4 13. f3 Bxg3 14. hxg3 Bh5 15. Be3 b6 16. Rae1 f6 17. Be2 h6 18. Kf2 Ke7 19. Qc2 Qg8 20. Rh1 Qf7 21. g4 Bg6 22. Rh2 Rh7 23. Reh1 Rah8 24. g3 Qg8 25. f4 Be8 26. Bf3 g5 27. f5 Bf7 28. Qe2 Qe8 29. a3 Kf8 30. Qd1 Qa8 31. b4 axb4 32. axb4 Qa3 33. Bd2 Kg7 34. Qa1 Ra8 35. Qxa3 Rxa3 36. Rc1 Ra2 37. Ke3 Rh8 38. Be2 Rha8 39. Rch1 R8a3+ 40. Bd3 Rb3 41. Rb1 Rxb1 42. Bxb1 Ra1 43. Bd3 Be8 44. Bc3 Ra3 45. Bd2 Ra2 46. Rh1 Ra3 47. Ke2 Ra2 48. Kd1 Ra1+ 49. Bc1 Ra2 50. Be2 Ra4 51. Bd2 Ra1+ 52. Bc1 Ra4 1/2-1/2